000
00335 a2200145 4500
001
154012
040
_c
Escola São Tomás de Aquino
100
_a
HERR, Nicole
240
1
0
_a
Aprendendo a ler com jornal
_l
por
245
1
0
_a
Aprendendo a ler com jornal
300
_a
159
440
1
_a
Dimensão
697
_a
Educação
942
_c
BK
999
_c
154012
_d
154012